000 01158nam a22002651cc4500
001 a987692951+Volume1
035 _aa987692951
008 191220s2007 gw |||| 000u eng d
020 _a9780198207702
_a978-0-19-151337-4
_9978-0-19-820770-2
245 0 0 _aGesta pontificum Anglorum
_cWilliam of Malmesbury ; edited and translated by M. Winterbottom with the assistance of R. M. Thomson
_nVolume one
_pText and Translation /
264 _aOxford, [England] ; New York :
_bClarendon Press,
_c2007
300 _a1 Online-Ressource (728 pages)
336 _aText
_btxt
_2rdacontent
337 _aComputermedien
_bc
_2rdamedia
338 _aOnline-Ressource
_bcr
_2rdacarrier
500 _aE-Book-ProQuest / Fernzugriff nach Registrierung möglich
500 _aIncludes bibliographical references and index
655 0 _aFernzugriff
_9230
246 1 2 _aGesta pontificum Anglorum : The History of the English Bishops. Text and Translation
_nVolume one
773 0 8 _wa987692951
_qVolume1
856 4 _uhttps://ebookcentral.proquest.com/lib/maxweberstiftung-ebooks/detail.action?docID=430603
942 _cEB
040 _cRU-10907106
003 RU-10907106
999 _c29508
_d29508